000 00515nam a2200157Ia 4500
008 210210b2006 xxu||||| |||| 00| 0 eng d
020 _a81 219 2747 1
082 _a158.3 VISG
100 _aVISHALA (Mary).
245 _aGuidance and counselling. (for teachers parents and students).
260 _aNew Delhi
_bS. Chand & Co. Ltd.
_c2006
300 _axvi,152
650 _aGuidance and Counselling Prenatal Period Infancy Early Childhood Later Childhood Adolescents
690 _aCounselling
906 _aSG04873
999 _c115417
_d115417